Fumeurs de fiction - Statistiques

Statistiques générales
  • Ce quiz a été pris 49 fois
  • Le résultat moyen est 10 sur 20
Statistiques - réponses
Par images Réponse % Correct
Lucky Luke
96%
Cruella d'Enfer
89%
Gandalf
78%
Sherlock Holmes
78%
Vinsmoke Sanji
69%
Thomas Shelby
67%
Eikichi Onizuka
64%
James Bond
62%
Chandler Bing
47%
Smoker
47%
Solid Snake
44%
Patty Bouvier
42%
Roberto Rastapopoulos
42%
Asuma Sarutobi
38%
Jesse Pinkman
33%
Mia Wallace
18%
Hannibal Smith
16%
Martin Riggs
9%
Absolem
7%
Colonel Olrik
7%
Aucun quiz correspondant
Distribution des résultats
% des personnes avec chaque résultat
Percentile par nombre de réponses
Votre historique - résultats
Vous n’avez pas pris ce quiz